<?xml version="1.0" encoding="UTF-8"?>
<record
    xmlns:xsi="http://www.w3.org/2001/XMLSchema-instance"
    xsi:schemaLocation="http://www.loc.gov/MARC21/slim http://www.loc.gov/standards/marcxml/schema/MARC21slim.xsd"
    xmlns="http://www.loc.gov/MARC21/slim">

  <leader>01701nam a2200313 a 4500</leader>
  <controlfield tag="001">BRCA_5126</controlfield>
  <controlfield tag="005">20190320204941.0</controlfield>
  <controlfield tag="008">191110s1841----mx-######v---#000-0#spa-#</controlfield>
  <datafield tag="041" ind1=" " ind2=" ">
    <subfield code="a">spa</subfield>
  </datafield>
  <datafield tag="044" ind1=" " ind2=" ">
    <subfield code="a">mx</subfield>
  </datafield>
  <datafield tag="084" ind1=" " ind2=" ">
    <subfield code="a">DOC102A</subfield>
    <subfield code="b">.B63</subfield>
    <subfield code="c">1841</subfield>
  </datafield>
  <datafield tag="100" ind1="1" ind2=" ">
    <subfield code="a">Bocanegra, Jos&#xE9; Mar&#xED;a</subfield>
    <subfield code="d">1787-1862</subfield>
    <subfield code="9">13080</subfield>
  </datafield>
  <datafield tag="245" ind1="1" ind2="0">
    <subfield code="a">Documento firmado por Bocanegra</subfield>
    <subfield code="c">Jos&#xE9; Mar&#xED;a Bocanegra, Eduardo Goroztiza, Ignacio Valdivielso.</subfield>
  </datafield>
  <datafield tag="260" ind1=" " ind2=" ">
    <subfield code="a">M&#xE9;xico</subfield>
    <subfield code="c">1841</subfield>
  </datafield>
  <datafield tag="300" ind1=" " ind2=" ">
    <subfield code="a">[1] foja</subfield>
    <subfield code="c">27 x 21 cm</subfield>
  </datafield>
  <datafield tag="500" ind1=" " ind2=" ">
    <subfield code="a">Documento firmado el 4 de diciembre de 1841</subfield>
  </datafield>
  <datafield tag="500" ind1=" " ind2=" ">
    <subfield code="a">Bocanegra escribe a Goroztiza comunic&#xE1;ndole que por acuerdo del se&#xF1;or Presidente se le nombra Secretario de la Legaci&#xF3;n Mexicana en Espa&#xF1;a en virtud de sus buenos servicios prestados en los cargos desempe&#xF1;ados. Sueldo </subfield>
    <subfield code="3">,000, igual comunicaci&#xF3;n se le dirige al encargado de Negocios en esa corte Se&#xF1;or Valdivielso</subfield>
  </datafield>
  <datafield tag="500" ind1=" " ind2=" ">
    <subfield code="a">El documento contiene la leyenda DOC. #264</subfield>
  </datafield>
  <datafield tag="500" ind1=" " ind2=" ">
    <subfield code="a">Al margen: PUBLICA MEXICANA MINISTERIO DE RELACIONES EXTERIORES DE GOBERNACI&#xD3;N. PALACIO DE GOBIERNO NACIONAL. M&#xE9;xico 4 de diciembre de 1841.</subfield>
  </datafield>
  <datafield tag="500" ind1=" " ind2=" ">
    <subfield code="a">Estado de conservaci&#xF3;n: contiene el margen derecho maltratado</subfield>
  </datafield>
  <datafield tag="506" ind1="0" ind2=" ">
    <subfield code="a">Fondo reservado: para su consulta es necesario credencial de usuario y carta de motivos</subfield>
  </datafield>
  <datafield tag="546" ind1=" " ind2=" ">
    <subfield code="a">Texto en: espa&#xF1;ol de mediados del siglo XIX</subfield>
  </datafield>
  <datafield tag="600" ind1="1" ind2="4">
    <subfield code="a">Bocanegra, Jos&#xE9; Mar&#xED;a</subfield>
    <subfield code="d">1787-1862</subfield>
    <subfield code="9">13080</subfield>
  </datafield>
  <datafield tag="650" ind1="1" ind2="4">
    <subfield code="a">Relaciones internacionales</subfield>
    <subfield code="v">Impreso con r&#xFA;bricas</subfield>
    <subfield code="x">Historia</subfield>
    <subfield code="y">Federalismo y centralismo, 1824-1853</subfield>
    <subfield code="z">M&#xE9;xico</subfield>
    <subfield code="9">13081</subfield>
  </datafield>
  <datafield tag="700" ind1="1" ind2=" ">
    <subfield code="a">Goroztiza y Cepeda, Manuel Mar&#xED;a del Pilar Eduardo</subfield>
    <subfield code="d">1789-1851</subfield>
    <subfield code="9">13082</subfield>
  </datafield>
  <datafield tag="700" ind1="1" ind2=" ">
    <subfield code="a">Valdivielso, Ignacio</subfield>
    <subfield code="d">1805-1861</subfield>
    <subfield code="9">13083</subfield>
  </datafield>
  <datafield tag="902" ind1=" " ind2=" ">
    <subfield code="a">FDH</subfield>
  </datafield>
  <datafield tag="942" ind1=" " ind2=" ">
    <subfield code="2">lcc</subfield>
    <subfield code="c">D</subfield>
  </datafield>
  <datafield tag="999" ind1=" " ind2=" ">
    <subfield code="c">4820</subfield>
    <subfield code="d">4820</subfield>
  </datafield>
  <datafield tag="952" ind1=" " ind2=" ">
    <subfield code="0">0</subfield>
    <subfield code="1">0</subfield>
    <subfield code="4">0</subfield>
    <subfield code="7">0</subfield>
    <subfield code="a">BRCA</subfield>
    <subfield code="b">BRCA</subfield>
    <subfield code="d">2010-11-19</subfield>
    <subfield code="l">0</subfield>
    <subfield code="o">DOC102A .B63 1841</subfield>
    <subfield code="p">5467</subfield>
    <subfield code="r">2019-03-22 00:00:00</subfield>
    <subfield code="w">2019-03-22</subfield>
    <subfield code="y">D</subfield>
  </datafield>
</record>
